00694nam a2200205Ia 450000500170000000800410001704100080005808200190006610000220008524500320010726000410013930000090018050000280018950000290021765000360024670000220028294200070030499900170031195201600032820251118112220.0230125s9999 xx 000 0 und d aeng a158.1bSEN CHA aStaples W9214971 aIn search of your true self c1996bMagna books pub co.aNew Delhi a379p aPersonality development aPersonality Development, aPersonality Development9213420 aStaples W9214971 cBK c86982d86982 00104070aHIMRbHIMRd2002-03-18eManneys Book sellerg175.00l0o158.1 SEN/CHA B02965pHIMR-BK-2965r2023-01-25 00:00:00v175.00w2002-03-18yBKzB02965